Northern Africa Capitals - Statistics

General Stats
  • This quiz has been taken 124 times
  • The average score is 5 of 6
Answer Stats
Country Answer % Correct
Egypt Cairo
98%
Algeria Algiers
97%
Tunisia Tunis
93%
Morocco Rabat
73%
Libya Tripoli
69%
Sudan Khartoum
63%
No matching quizzes found
Score Distribution
Percent of People with Each Score
Percentile by Number Answered
Your Score History
You have not taken this quiz